00529nam a2200193 a 4500001001300000003000900013005001700022008004100039020002200080082001500102100001700117245006300134260004300197300001000240500003500250505001000285650002300295700001700318nice12345678IN_TiNIC20260116013052.0050524s1996 lona grp 000 0 eng  a0415905 c1200a305.4bLEW aLewis, Reina aGendering Orientalismb Race, Feminity and Representation. aLondon bRoutledge Chapman Hall c1996 a267p. aincludes index and biblioraphy2 aIndex aOrientalism-Gender1 aLewis, Reina